[Event "402 Stay Safe Play From Home series"]
[Site "Emanuel Lasker Arena"]
[Date "2020.08.21"]
[Round "1"]
[White "Chesstiger9"]
[Black "Haris kollari 13"]
[Result "1-0"]
[WhiteElo "2117"]
[BlackElo "1912"]
[Annotator "NA RC"]
[PlyCount "83"]
[EventDate "2020.08.21"]
[EventType "swiss (blitz)"]

{Volkov, Yuri} 1. d4 {[%emt 0:00:01]} d5 {[%emt 0:00:02]} 2. Nf3 {[%emt 0:00:01]} c5 {[%emt 0:00:01]} 3. e3 {[%emt 0:00:03]} Nc6 {[%emt 0:00:01]} 4. Nbd2 {[%emt 0:00:06]} Bg4 {[%emt 0:00:01]} 5. Be2 {[%emt 0:00:01]} f6 {[%emt 0:00:02]} 6. O-O {[%emt 0:00:02]} e5 {[%emt 0:00:03]} 7. dxe5 {[%emt 0:00:06]} fxe5 {[%emt 0:00:01]} 8. Nxe5 {[%emt 0:00:07]} Bxe2 {[%emt 0:00:07]} 9. Nxc6 {[%emt 0:00:02]} Bxd1 {[%emt 0:00:01]} 10. Nxd8 {[%emt 0:00:02]} Be2 {[%emt 0:00:02]} 11. Re1 {[%emt 0:00:16]} Rxd8 {[%emt 0:00:03]} 12. Rxe2 {[%emt 0:00:01]} Bd6 {[%emt 0:00:01]} 13. Nf3 {[%emt 0:00:04]} Nf6 {[%emt 0:00:01]} 14. h3 {[%emt 0:00:02]} O-O {[%emt 0:00:01]} 15. b3 {[%emt 0:00:01]} Rfe8 {[%emt 0:00:04]} 16. Bb2 {[%emt 0:00:01]} Ne4 {[%emt 0:00:01]} 17. Rd1 {[%emt 0:00:03]} Bc7 {[%emt 0:00:02]} 18. Nd2 {[%emt 0:00:04]} Nxd2 {[%emt 0:00:06]} 19. Rexd2 {[%emt 0:00:02]} d4 {[%emt 0:00:12]} 20. exd4 {[%emt 0:00:02]} cxd4 {[%emt 0:00:01]} 21. Bxd4 {[%emt 0:00:01]} Rd7 {[%emt 0:00:08]} 22. g3 {[%emt 0:00:09]} Red8 {[%emt 0:00:05]} 23. Be3 {[%emt 0:00:03]} Rxd2 {[%emt 0:00:01]} 24. Rxd2 {[%emt 0:00:01]} Rxd2 {[%emt 0:00:01]} 25. Bxd2 {[%emt 0:00:01]} b6 {[%emt 0:00:00]} 26. c4 {[%emt 0:00:02]} Kf7 {[%emt 0:00:01]} 27. f4 {[%emt 0:00:03]} g6 {[%emt 0:00:01]} 28. Kf2 {[%emt 0:00:01]} Ke6 {[%emt 0:00:01]} 29. Kf3 {[%emt 0:00:01]} Bd6 {[%emt 0:00:01]} 30. Ke4 {[%emt 0:00:01]} Bc5 {[%emt 0:00:01]} 31. g4 {[%emt 0:00:01]} h5 {[%emt 0:00:04]} 32. f5+ {[%emt 0:00:01]} gxf5+ {[%emt 0:00:01]} 33. gxf5+ {[%emt 0:00:01]} Kf7 {[%emt 0:00:03]} 34. b4 {[%emt 0:00:05]} Be7 {[%emt 0:00:01]} 35. a3 {[%emt 0:00:05]} a6 {[%emt 0:00:03]} 36. Be3 {[%emt 0:00:01]} b5 {[%emt 0:00:04]} 37. c5 {[%emt 0:00:01]} Kf6 {[%emt 0:00:01]} 38. c6 {[%emt 0:00:02]} Bd8 {[%emt 0:00:03]} 39. Bf4 {[%emt 0:00:01]} Ke7 {[%emt 0:00:04]} 40. c7 {[%emt 0:00:02]} Kd7 {[%emt 0:00:03]} 41. cxd8=Q+ {[%emt 0:00:02]} Kc6 {[%emt 0:00:02]} 42. Qc7# {[%emt 0:00:04] (Lag: Av=0.40s, max=0.7s) (Lag: Av=0.40s, max=0.7s) (Lag: Av=0.40s, max=0.7s) Haris kollari 13 resigns Haris kollari 13 resigns Haris kollari 13 resigns} 1-0

[Event "402 Stay Safe Play From Home series"]
[Site "Emanuel Lasker Arena"]
[Date "2020.08.21"]
[Round "1"]
[White "Lazieri3"]
[Black "Schachwerk_64"]
[Result "1-0"]
[WhiteElo "2028"]
[BlackElo "1897"]
[Annotator "NA RC"]
[PlyCount "51"]
[EventDate "2020.08.21"]
[EventType "swiss (blitz)"]

1. e4 {[%emt 0:00:04]} e5 {[%emt 0:00:01]} 2. Nf3 {[%emt 0:00:01]} Nc6 {[%emt 0:00:01]} 3. Nc3 {[%emt 0:00:03]} Nf6 {[%emt 0:00:01]} 4. d4 {[%emt 0:00:01]} exd4 {[%emt 0:00:00]} 5. Nxd4 {[%emt 0:00:00]} Bb4 {[%emt 0:00:01]} 6. Nxc6 {[%emt 0:00:02]} bxc6 {[%emt 0:00:01]} 7. Bd3 {[%emt 0:00:02]} d5 {[%emt 0:00:01]} 8. exd5 {[%emt 0:00:00]} O-O {[%emt 0:00:01]} 9. O-O {[%emt 0:00:01]} Bg4 {[%emt 0:00:05]} 10. Be2 {[%emt 0:00:03]} Bxc3 {[%emt 0:00:32]} 11. Bxg4 {[%emt 0:00:04]} Nxd5 {[%emt 0:00:21]} 12. bxc3 {[%emt 0:00:10]} Nxc3 {[%emt 0:00:01]} 13. Qxd8 {[%emt 0:00:17]} Rfxd8 {[%emt 0:00:02]} 14. Be3 {[%emt 0:00:01]} Nd5 {[%emt 0:00:05]} 15. Bf3 {[%emt 0:00:02]} a5 {[%emt 0:00:26]} 16. Bxd5 {[%emt 0:00:02]} cxd5 {[%emt 0:00:02]} 17. Rfd1 {[%emt 0:00:02]} c6 {[%emt 0:00:11]} 18. f3 {[%emt 0:00:07]} Rab8 {[%emt 0:00:06]} 19. Rab1 {[%emt 0:00:01]} f6 {[%emt 0:00:16]} 20. Bb6 {[%emt 0:00:05]} Re8 {[%emt 0:00:09]} 21. Bxa5 {[%emt 0:00:04]} Rxb1 {[%emt 0:00:03]} 22. Rxb1 {[%emt 0:00:02]} Re2 {[%emt 0:00:02]} 23. Rb2 {[%emt 0:00:08]} c5 {[%emt 0:00:06]} 24. Kf1 {[%emt 0:00:01]} Re5 {[%emt 0:00:02]} 25. Bb6 {[%emt 0:00:02]} d4 {[%emt 0:00:03]} 26. a4 {[%emt 0:00:01] Schachwerk_64 gibt auf Schachwerk_64 gibt auf Schachwerk_64 gibt auf (Lag: Av=0.57s, max=0.9s) (Lag: Av=0.57s, max=0.9s) (Lag: Av=0.57s, max=0.9s)} 1-0

[Event "402 Stay Safe Play From Home series"]
[Site "Emanuel Lasker Arena"]
[Date "2020.08.21"]
[Round "1"]
[White "Haxhi Baha"]
[Black "Kongle"]
[Result "1-0"]
[WhiteElo "1969"]
[BlackElo "1721"]
[Annotator "TA"]
[PlyCount "53"]
[EventDate "2020.08.21"]
[EventType "swiss (blitz)"]

{[%evp 13,53,22,17,-88,4,13,32,42,72,79,125,136,524,436,399,254,1107,1090,1067,1058,29983,1269,1304,1348,1572,1141,2320,1918,29986,2460,29987,29988,29992,29993,29993,29994,29997,29998,29998,29996,29996,29997]} 1. e4 c5 2. Nf3 d6 3. d4 cxd4 4. Nxd4 Nf6 5. Nc3 Nc6 6. Be3 g6 7. Be2 Bg7 8. g4 {[#] 8.Qd2 gains popularity. B72: Sicilian Dragon: 6 Be3, lines with h3+Bc4 and sidelines.} (8. O-O $11) 8... O-O ({Black should play} 8... Nxg4 $1 $17 {[%mdl 512]} 9. Bxg4 Bxg4 10. Qxg4 (10. Nxc6 $2 Bxd1 11. Nxd8 Bf3 $19) 10... Nxd4) 9. g5 Nd7 (9... Ng4 $5) 10. h4 {White is slightly better.} Nxd4 11. Bxd4 e5 12. Be3 {[#]} f6 $146 {[%mdl 8192]} (12... Nc5 $16) ({Predecessor:} 12... Nc5 13. Bc4 Be6 14. Bxc5 dxc5 15. Bxe6 fxe6 16. Qxd8 Raxd8 17. Rd1 Rd4 18. Ke2 a6 {1-0 (48) Johansen,M-Holst,T Denmark 1999}) 13. Qd5+ Kh8 14. h5 {Strongly threatening hxg6.} Qe8 $2 (14... fxg5 15. hxg6 (15. Qxd6 gxh5 16. O-O-O h4 $18) 15... Nf6) 15. hxg6 $18 Qxg6 16. Bh5 Nb6 17. Qxd6 (17. Bxg6 $142 Nxd5 18. Nxd5 h6 19. gxh6 Rg8 20. hxg7+ Kxg7 21. Kd2 Rh8 22. Rxh8 Kxh8 23. Nc7) 17... Qxh5 18. Rxh5 {g6 would kill now.} Nc4 19. Qc5 {Hoping for g6.} Be6 20. g6 Nxe3 21. Rxh7+ Kg8 {[#]} 22. Qe7 $1 {[%csl Gh7][%cal Re7g7] White mates.} Nxc2+ {[#]} 23. Kd2 $1 {[%csl Gh7][%cal Re7g7]} Rad8+ 24. Kxc2 {[%csl Gh7][%cal Re7g7]} Rd7 25. Rxg7+ Kh8 26. Rh7+ Kg8 27. Qxe6+ {Black got outplayed after the opening. Accuracy: White = 55%, Black = 26%.} 1-0

[Event "402 Stay Safe Play From Home series"]
[Site "Emanuel Lasker Arena"]
[Date "2020.08.21"]
[Round "1"]
[White "Fat Kevin"]
[Black "Ionelluca"]
[Result "0-1"]
[WhiteElo "1908"]
[BlackElo "2047"]
[Annotator "TA"]
[PlyCount "58"]
[EventDate "2020.08.21"]
[EventType "swiss (blitz)"]

{[%evp 10,57,0,0,0,-10,46,37,49,41,29,0,0,20,116,112,115,58,58,58,52,64,58,14,24,0,6,-17,-7,-131,-116,-100,-106,-162,-155,-288,-275,-1133,-1130,-1256,-1229,-1733,-585,-691,-692,-680,-654,-29997,-29998,-29999]} 1. d4 Nf6 2. c4 e6 3. Nc3 Bb4 4. Nf3 b6 5. Qb3 c5 6. e3 Nc6 {E21: Nimzo-Indian: 4 Nf3.} 7. Bd2 {[#]} d5 $146 ({Black should play} 7... cxd4 $11 8. exd4 Bxc3 9. Qxc3 (9. bxc3 O-O $11) 9... Ne4) ({Predecessor:} 7... O-O 8. a3 cxd4 9. exd4 Bxc3 10. Qxc3 Ne4 11. Qc2 Nxd2 12. Qxd2 d5 13. c5 bxc5 14. dxc5 {½-½ (45) Chumpitaz Carbajal,A (2201)-Voit,D (2354) Pune 2014}) 8. cxd5 $14 exd5 {White is slightly better.} 9. Bb5 Bd7 10. Ne5 (10. dxc5 {is interesting.} bxc5 11. Nxd5 Rb8 12. Nxb4 Rxb5 13. Nxc6 Bxc6 14. Qc2) 10... Nxe5 11. dxe5 Bxc3 (11... Bxb5 $11 12. exf6 Bc6) 12. Bxc3 $16 Ne4 13. Qxd5 (13. O-O-O $16 d4 14. Qd5 (14. exd4 O-O $14) 14... Bxb5 15. Qxe4) 13... Bxb5 $14 14. Qxe4 {[#] Hoping for e6.} O-O 15. Rd1 Qe8 16. b3 Rd8 17. Qg4 Rxd1+ 18. Qxd1 Qe7 19. a4 (19. h4 $11) 19... Rd8 $17 {[%mdl 1024] Black has strong compensation.} 20. Qg4 Ba6 21. e6 (21. f3 $17) 21... f6 $19 22. f4 (22. Qe4 $17 {was called for.}) 22... Rd3 23. Bxf6 $2 (23. Bd2) 23... Qxf6 24. O-O Rxe3 {( -> ...Qd4!)} 25. Rd1 Rd3 (25... Be2 $142 26. Qf5 Bxd1 27. Qxf6 gxf6) 26. Re1 {Threatens to win with e7.} Qd4+ 27. Kh1 {White wants to mate with e7.} Re3 {[%mdl 64] [#] Overworked Piece} 28. Rxe3 Qa1+ 29. Re1 Qxe1# {Accuracy: White = 28%, Black = 73%.} 0-1

[Event "402 Stay Safe Play From Home series"]
[Site "Emanuel Lasker Arena"]
[Date "2020.08.21"]
[Round "1"]
[White "Padmaesh M K"]
[Black "Patzeroglu"]
[Result "1-0"]
[WhiteElo "1789"]
[BlackElo "1980"]
[Annotator "TA"]
[PlyCount "34"]
[EventDate "2020.08.21"]
[EventType "swiss (blitz)"]

{[%evp 12,15,5,16,40,33]} 1. Nf3 e6 2. d4 Nf6 3. c4 Be7 4. g3 O-O 5. Bg2 d5 6. Nc3 Nbd7 7. O-O Ne4 {E07: Closed Catalan: Main Line (5 Nf3 0-0 6 0-0 Nbd7).} 8. cxd5 {[#]} {Predecessor:} Nxc3 $146 9. bxc3 exd5 10. Qb3 Nb6 11. Ne5 Bf5 12. Rd1 c6 13. a4 Qc7 14. a5 Nd7 15. Nd3 b5 16. axb6 axb6 17. Rxa8 Rxa8 {½-½ (33) Ftacnik,L (2575)-Schmittdiel,E (2490) Groningen 1991} 1-0

[Event "402 Stay Safe Play From Home series"]
[Site "Emanuel Lasker Arena"]
[Date "2020.08.21"]
[Round "1"]
[White "Erdema"]
[Black "Dukic"]
[Result "1/2-1/2"]
[WhiteElo "1720"]
[BlackElo "1962"]
[Annotator "RC"]
[PlyCount "152"]
[EventDate "2020.08.21"]
[EventType "swiss (blitz)"]

1. e4 {[%emt 0:00:01]} c6 {[%emt 0:00:01]} 2. d4 {[%emt 0:00:02]} d6 {[%emt 0:00:01]} 3. h3 {[%emt 0:00:02]} Nd7 {[%emt 0:00:01]} 4. Nf3 {[%emt 0:00:02]} e5 {[%emt 0:00:01]} 5. dxe5 {[%emt 0:00:02]} dxe5 {[%emt 0:00:01]} 6. Bc4 {[%emt 0:00:02]} Be7 {[%emt 0:00:01]} 7. O-O {[%emt 0:00:02]} Ngf6 {[%emt 0:00:01]} 8. Nc3 {[%emt 0:00:04]} b5 {[%emt 0:00:02]} 9. Bd3 {[%emt 0:00:02]} O-O {[%emt 0:00:02]} 10. a3 {[%emt 0:00:02]} Qc7 {[%emt 0:00:01]} 11. Be3 {[%emt 0:00:03]} Rd8 {[%emt 0:00:02]} 12. Qe2 {[%emt 0:00:02]} Bc5 {[%emt 0:00:06]} 13. Rab1 {[%emt 0:00:08]} Bxe3 {[%emt 0:00:09]} 14. Qxe3 {[%emt 0:00:02]} Nf8 {[%emt 0:00:04]} 15. Rbd1 {[%emt 0:00:05]} Ng6 {[%emt 0:00:03]} 16. Ne2 {[%emt 0:00:09]} a6 {[%emt 0:00:13]} 17. c4 {[%emt 0:00:09]} Be6 {[%emt 0:00:09]} 18. c5 {[%emt 0:00:06]} Bb3 {[%emt 0:00:16]} 19. Rd2 {[%emt 0:00:03]} Rab8 {[%emt 0:00:19]} 20. Nc1 {[%emt 0:00:05]} Be6 {[%emt 0:00:05]} 21. Rfd1 {[%emt 0:00:03]} h6 {[%emt 0:00:06]} 22. Be2 {[%emt 0:00:03]} Rxd2 {[%emt 0:00:06]} 23. Rxd2 {[%emt 0:00:02]} a5 {[%emt 0:00:14]} 24. Nd3 {[%emt 0:00:04]} b4 {[%emt 0:00:06]} 25. axb4 {[%emt 0:00:05]} axb4 {[%emt 0:00:02]} 26. Kh2 {[%emt 0:00:03]} b3 {[%emt 0:00:10]} 27. Nfe1 {[%emt 0:00:25]} Qe7 {[%emt 0:00:19]} 28. Nf3 {[%emt 0:00:07]} Nd7 {[%emt 0:00:05]} 29. Nfe1 {[%emt 0:00:06]} Rb5 {[%emt 0:00:05]} 30. f4 {[%emt 0:00:03]} exf4 {[%emt 0:00:02]} 31. Nxf4 {[%emt 0:00:02]} Qxc5 {[%emt 0:00:11]} 32. Qxc5 {[%emt 0:00:06]} Nxc5 {[%emt 0:00:09]} 33. Nxe6 {[%emt 0:00:07]} fxe6 {[%emt 0:00:20]} 34. Bxb5 {[%emt 0:00:03]} cxb5 {[%emt 0:00:01]} 35. Rd6 {[%emt 0:00:09]} Kf7 {[%emt 0:00:07]} 36. Rb6 {[%emt 0:00:04]} Nxe4 {[%emt 0:00:18]} 37. Rxb5 {[%emt 0:00:02]} Nd2 {[%emt 0:00:03]} 38. Nd3 {[%emt 0:00:04]} Kf6 {[%emt 0:00:03]} 39. Nc1 {[%emt 0:00:02]} e5 {[%emt 0:00:04]} 40. Nxb3 {[%emt 0:00:02]} Nc4 {[%emt 0:00:01]} 41. Nc5 {[%emt 0:00:03]} Nf4 {[%emt 0:00:02]} 42. Ne4+ {[%emt 0:00:04]} Kf5 {[%emt 0:00:02]} 43. Ng3+ {[%emt 0:00:04]} Ke6 {[%emt 0:00:02]} 44. Rb7 {[%emt 0:00:02]} g5 {[%emt 0:00:02]} 45. b3 {[%emt 0:00:08]} Ne3 {[%emt 0:00:01]} 46. Rb6+ {[%emt 0:00:05]} Kd5 {[%emt 0:00:02]} 47. Rxh6 {[%emt 0:00:03]} Nexg2 {[%emt 0:00:01]} 48. Nf5 {[%emt 0:00:07]} e4 {[%emt 0:00:02]} 49. Rd6+ {[%emt 0:00:04]} Ke5 {[%emt 0:00:01]} 50. Rd2 {[%emt 0:00:09]} Kxf5 {[%emt 0:00:02]} 51. b4 {[%emt 0:00:05]} Nh4 {[%emt 0:00:04]} 52. Kg3 {[%emt 0:00:09]} e3 {[%emt 0:00:02]} 53. Rd1 {[%emt 0:00:05]} Ke4 {[%emt 0:00:02]} 54. b5 {[%emt 0:00:02]} Nf5+ {[%emt 0:00:04]} 55. Kh2 {[%emt 0:00:04]} e2 {[%emt 0:00:02]} 56. Rb1 {[%emt 0:00:06]} Nd6 {[%emt 0:00:03]} 57. b6 {[%emt 0:00:03]} Nb7 {[%emt 0:00:01]} 58. Kg1 {[%emt 0:00:05]} Ke3 {[%emt 0:00:00]} 59. Rb3+ {[%emt 0:00:03]} Nd3 {[%emt 0:00:04]} 60. Rb1 {[%emt 0:00:05]} e1=Q+ {[%emt 0:00:01]} 61. Rxe1+ {[%emt 0:00:01]} Nxe1 {[%emt 0:00:00]} 62. Kh2 {[%emt 0:00:03]} Kf3 {[%emt 0:00:01]} 63. Kg1 {[%emt 0:00:04]} Kg3 {[%emt 0:00:02]} 64. Kh1 {[%emt 0:00:02]} Kxh3 {[%emt 0:00:03]} 65. Kg1 {[%emt 0:00:02]} g4 {[%emt 0:00:01]} 66. Kh1 {[%emt 0:00:01]} g3 {[%emt 0:00:01]} 67. Kg1 {[%emt 0:00:02]} Nf3+ {[%emt 0:00:01]} 68. Kf1 {[%emt 0:00:03]} g2+ {[%emt 0:00:01]} 69. Kf2 {[%emt 0:00:01]} g1=Q+ {[%emt 0:00:01]} 70. Kxf3 {[%emt 0:00:01]} Qxb6 {[%emt 0:00:01]} 71. Ke4 {[%emt 0:00:02]} Qd6 {[%emt 0:00:01]} 72. Ke3 {[%emt 0:00:02]} Qd5 {[%emt 0:00:01]} 73. Kf4 {[%emt 0:00:01]} Nd6 {[%emt 0:00:03]} 74. Ke3 {[%emt 0:00:04]} Qe4+ {[%emt 0:00:01]} 75. Kf2 {[%emt 0:00:02]} Qd3 {[%emt 0:00:02]} 76. Ke1 {[%emt 0:00:02]} Kg3 {[%emt 0:00:03] (Lag: Av=0.60s, max=1.8s) (Lag: Av=0.60s, max=1.8s) (Lag: Av=0.60s, max=1.8s)} 1/2-1/2

[Event "402 Stay Safe Play From Home series"]
[Site "Emanuel Lasker Arena"]
[Date "2020.08.21"]
[Round "2"]
[White "Chesstiger9"]
[Black "Haxhi Baha"]
[Result "1-0"]
[WhiteElo "2125"]
[BlackElo "1976"]
[Annotator "RC"]
[PlyCount "89"]
[EventDate "2020.08.21"]
[EventType "swiss (blitz)"]

{Volkov, Yuri} 1. d4 {[%emt 0:00:02]} d5 {[%emt 0:00:01]} 2. Nf3 {[%emt 0:00:01]} Bf5 {[%emt 0:00:02]} 3. c4 {[%emt 0:00:04]} e6 {[%emt 0:00:01]} 4. Nc3 {[%emt 0:00:01]} c6 {[%emt 0:00:01]} 5. cxd5 {[%emt 0:00:03]} exd5 {[%emt 0:00:01]} 6. Bf4 {[%emt 0:00:01]} Bd6 {[%emt 0:00:02]} 7. Bg3 {[%emt 0:00:05]} Nf6 {[%emt 0:00:02]} 8. e3 {[%emt 0:00:01]} O-O {[%emt 0:00:02]} 9. Bd3 {[%emt 0:00:02]} Bxd3 {[%emt 0:00:21]} 10. Qxd3 {[%emt 0:00:00]} Qe7 {[%emt 0:00:01]} 11. Bxd6 {[%emt 0:00:20]} Qxd6 {[%emt 0:00:02]} 12. h3 {[%emt 0:00:01]} Nbd7 {[%emt 0:00:02]} 13. O-O {[%emt 0:00:01]} Rae8 {[%emt 0:00:05]} 14. a3 {[%emt 0:00:03]} Ne4 {[%emt 0:00:02]} 15. Nd2 {[%emt 0:00:03]} f5 {[%emt 0:00:01]} 16. b4 {[%emt 0:00:11]} Ndf6 {[%emt 0:00:06]} 17. f3 {[%emt 0:00:11]} Nxd2 {[%emt 0:00:12]} 18. Qxd2 {[%emt 0:00:01]} f4 {[%emt 0:00:14]} 19. exf4 {[%emt 0:00:12]} Nh5 {[%emt 0:00:02]} 20. Ne2 {[%emt 0:00:06]} Nxf4 {[%emt 0:00:04]} 21. Nxf4 {[%emt 0:00:01]} Rxf4 {[%emt 0:00:02]} 22. Rae1 {[%emt 0:00:04]} Ref8 {[%emt 0:00:02]} 23. Re5 {[%emt 0:00:06]} Qg6 {[%emt 0:00:10]} 24. Kh2 {[%emt 0:00:09]} h5 {[%emt 0:00:05]} 25. Rfe1 {[%emt 0:00:06]} h4 {[%emt 0:00:04]} 26. Re7 {[%emt 0:00:17]} Qg3+ {[%emt 0:00:04]} 27. Kh1 {[%emt 0:00:01]} R8f6 {[%emt 0:00:21]} 28. Rxb7 {[%emt 0:00:13]} Rxf3 {[%emt 0:00:03]} 29. gxf3 {[%emt 0:00:37]} Qxh3+ {[%emt 0:00:13]} 30. Qh2 {[%emt 0:00:06]} Qxf3+ {[%emt 0:00:02]} 31. Qg2 {[%emt 0:00:01]} Qxg2+ {[%emt 0:00:23]} 32. Kxg2 {[%emt 0:00:01]} Rf4 {[%emt 0:00:01]} 33. Rd1 {[%emt 0:00:14]} Kh7 {[%emt 0:00:03]} 34. Rxa7 {[%emt 0:00:02]} Kh6 {[%emt 0:00:01]} 35. Rc7 {[%emt 0:00:01]} g5 {[%emt 0:00:01]} 36. Rxc6+ {[%emt 0:00:01]} Kh5 {[%emt 0:00:02]} 37. Rd6 {[%emt 0:00:02]} Kg4 {[%emt 0:00:26]} 38. Rxd5 {[%emt 0:00:02]} h3+ {[%emt 0:00:01]} 39. Kh2 {[%emt 0:00:15]} Rf2+ {[%emt 0:00:18]} 40. Kg1 {[%emt 0:00:01]} Rg2+ {[%emt 0:00:02]} 41. Kh1 {[%emt 0:00:09]} Kh4 {[%emt 0:00:04]} 42. Rg1 {[%emt 0:00:05]} Ra2 {[%emt 0:00:13]} 43. Rgxg5 {[%emt 0:00:04]} Rxa3 {[%emt 0:00:16]} 44. Rg1 {[%emt 0:00:03]} Rb3 {[%emt 0:00:04]} 45. Rd8 {[%emt 0:00:02] Time Time Time ' ' ' (Lag: Av=0.91s, max=4.2s) (Lag: Av=0.91s, max=4.2s) (Lag: Av=0.91s, max=4.2s)} 1-0

[Event "402 Stay Safe Play From Home series"]
[Site "Emanuel Lasker Arena"]
[Date "2020.08.21"]
[Round "2"]
[White "Hickey"]
[Black "Dukic"]
[Result "1-0"]
[WhiteElo "2108"]
[BlackElo "1952"]
[Annotator "TA"]
[PlyCount "99"]
[EventDate "2020.08.21"]
[EventType "swiss (blitz)"]

{[%evp 9,99,-45,-33,-42,-18,-47,-35,-48,-16,-26,16,13,13,0,53,0,54,0,22,27,20,-20,-20,-14,0,-15,0,0,30,-6,0,-37,0,-29,29,-9,-13,-29,0,-27,63,64,94,-62,97,58,74,75,75,0,0,0,0,0,-14,-8,0,0,16,0,-2,-52,-39,-44,-17,-109,-116,-143,0,-9,54,29,41,42,126,94,221,222,280,288,409,318,286,272,520,460,1569,1522,5339,5190,1539,1438]} 1. c4 Nf6 2. g3 c6 3. b4 ({Predecessor:} 3. Bg2 d5 4. Nf3 Bf5 5. Qb3 Qb6 6. d3 e6 7. Be3 Qxb3 8. axb3 a6 9. Bd4 Nbd7 10. Bc3 Bd6 11. Nh4 Bg4 12. h3 Bh5 13. g4 Bg6 14. Nd2 {½-½ (54) Nepomniachtchi,I (2784)-Carlsen,M (2863) chess24.com INT 2020}) 3... d5 4. cxd5 cxd5 5. Bb2 Bf5 6. Nf3 {A15: English Opening: 1...Nf6.} Nbd7 7. Bg2 e6 8. a3 {Black is slightly better.} h6 9. O-O Bd6 10. d3 O-O 11. Nbd2 Rc8 (11... Bh7 $11) 12. Nb3 (12. e4 $14 Bg4 13. h3 Bxf3 14. Nxf3) 12... b6 (12... Bg4 $11) 13. Rc1 (13. Nbd4 $14) 13... e5 14. Rxc8 Qxc8 15. Qa1 {[%cal Rf3e5]} Re8 16. Rc1 Qb7 17. h3 Bh7 18. Nfd2 Qa6 19. Bf1 Bf5 20. Nf3 Qb7 21. Bg2 Be6 (21... Qb8 $142) 22. e3 {[%cal Rf3e5]} Qb8 23. Nbd2 Bf5 24. Bf1 e4 (24... Nf8 $11) 25. Nd4 $14 Bg6 {[#]} 26. dxe4 $2 (26. Nc6 $1 $16 {[%cal Rc6b8]} Qb7 27. dxe4 dxe4 28. b5) 26... dxe4 $2 (26... Bxg3 $1 $15 {keeps the upper hand.} 27. Bb5 (27. fxg3 $2 Qxg3+ {[%mdl 64] Double Attack} 28. Bg2 Qxe3+ 29. Kh1 Qxd2 $19) 27... dxe4) 27. Bg2 Ne5 28. Nc4 Nd3 {[#]} 29. Nxd6 (29. Nc6 $1 $16 {[%cal Rc6b8]} Qc7 30. Nxd6 Qxd6 31. Rc2) 29... Qxd6 $11 30. Rc6 Qd7 31. Qb1 Ne5 32. Rc2 Nf3+ 33. Kh1 Ng5 34. h4 Nf3 $1 35. Qd1 Ng4 36. Qe2 Nge5 37. Rc1 (37. Qb5 $1 $11) 37... Nd3 $17 38. Rd1 Nxb2 (38... Bh5 $17 {Strongly threatening ...Bg4.} 39. Rxd3 exd3 40. Qxd3 Ne1) 39. Qxb2 $11 Nxd4 (39... Re5 $11) 40. Rxd4 Qf5 41. Qd2 Qg4 ({Black should play} 41... Qe5 $14) 42. Kh2 f5 {Black cannot hold the game after this.} (42... Bf5 $16) 43. Bh3 Qh5 44. Rd7 Kh7 (44... a6 {was necessary.} 45. Rb7 Bf7 46. Rxb6 Bc4) 45. Qd4 {[%csl Gd7][%cal Rd4g7]} Rg8 46. Bf1 {Bc4 is the strong threat.} ({Don't play} 46. Rxa7 $6 Qe2 $18) 46... Qf3 $2 (46... Bf7 {was called for.} 47. Ba6 (47. Rxa7 Rc8 $18) 47... b5 48. Bxb5 Be8) 47. Kg1 {And now Bc4 would win.White is clearly winning.} Bh5 (47... b5 $142 48. Rxa7 Bh5 49. Bxb5 Qd1+ 50. Qxd1 Bxd1) 48. Bc4 $18 Qd1+ 49. Qxd1 Bxd1 50. Bxg8+ {Accuracy: White = 59%, Black = 37%.} 1-0

[Event "402 Stay Safe Play From Home series"]
[Site "Emanuel Lasker Arena"]
[Date "2020.08.21"]
[Round "2"]
[White "Ionelluca"]
[Black "Padmaesh M K"]
[Result "1-0"]
[WhiteElo "2058"]
[BlackElo "1815"]
[Annotator "TA"]
[PlyCount "123"]
[EventDate "2020.08.21"]
[EventType "swiss (blitz)"]

{[%evp 9,123,0,1,-3,-8,-10,-9,-25,-16,-30,-27,-20,0,0,0,0,0,-16,13,23,63,51,87,79,156,141,167,178,329,321,329,167,177,153,161,98,56,0,169,171,357,-76,-8,-8,345,345,345,345,388,379,384,366,473,379,530,527,520,520,591,464,487,481,629,622,611,575,697,683,785,758,606,446,445,445,445,408,426,376,368,363,368,368,451,361,369,369,376,293,369,369,369,368,362,361,346,346,1781,1107,29975,29976,29976,29977,29978,29979,29979,29980,29981,29982,29982,29983,29985,29986,29987,29988,29988,29989]} 1. c4 g6 2. Nc3 Bg7 3. g3 Nf6 4. Bg2 O-O 5. d3 c5 6. Bd2 {A16: English Opening: 1...Nf6 with ...d5.} Nc6 7. a3 e6 8. Rb1 {The position is equal.} d5 {[#]} 9. Qc1 $146 ({Predecessor:} 9. cxd5 exd5 10. b4 c4 11. dxc4 dxc4 12. Nf3 Nd5 13. Nxd5 Qxd5 14. Nh4 Qe6 15. O-O {0-1 (31) Wilshusen,H (1713)-Wagner,K (1641) GER email 2010}) 9... dxc4 10. dxc4 Na5 11. b3 Bd7 12. Nf3 Bc6 13. O-O b6 14. Rd1 Qc7 15. Bf4 Qb7 16. Nb5 $1 Nh5 (16... Bxb5 $142 17. cxb5 Rad8) 17. Bd6 $1 $16 {aiming for b4.} Rfd8 18. b4 $36 {[%mdl 2048] Black is under strong pressure.} Bxb5 $2 (18... cxb4 19. axb4 Bxb5 20. cxb5 Rac8) 19. cxb5 $18 cxb4 {next ...Rac8 is good for Black.} 20. axb4 (20. Ng5 $142 Qd7 21. Bxa8 (21. Bxb4 Qxd1+ 22. Qxd1 Rxd1+ 23. Rxd1 Rc8 $18) (21. Rxb4 $2 Rac8 $17) 21... Rxa8 22. Bxb4 (22. axb4 Rc8 $18)) 20... Rac8 21. Qg5 Bf6 {[#] Hoping for ...Rxd6.} 22. Qh6 ({White should play} 22. Qg4 $1 $18 Rc4 23. Qh3) 22... Bg7 $16 23. Qg5 (23. Ne5 $14 Bxh6 24. bxa5 Rxd6 25. Bxb7 Rxd1+ 26. Rxd1) 23... Bf6 $1 $18 {[#] ...Rxd6 is the strong threat.} 24. Qg4 $1 Nc4 $2 (24... Rxd6 {was worth a try.} 25. Rxd6 Rc4) 25. Bf4 $2 (25. Nd2 $18 Nxd2 26. Bxb7) 25... Nxf4 (25... Rxd1+ $17 26. Rxd1 Qe7) 26. Qxf4 $11 Bg7 $2 {[%mdl 8192] This costs Black the game.} (26... Rxd1+ $11 27. Rxd1 Qe7) 27. Rxd8+ $18 {[%mdl 64] Overworked Piece} Rxd8 28. Qxc4 Qe7 29. h4 h6 30. Rc1 Qf6 31. Kh2 g5 32. hxg5 hxg5 33. Qg4 Kf8 34. Qxg5 Qxg5 35. Nxg5 Bh6 36. f4 Rd2 37. Bf3 Bxg5 38. fxg5 {[%mdl 4096] Endgame KRB-KR} Rb2 39. Rc7 Rxb4 40. Rxa7 Rxb5 41. Kh3 Rxg5 42. Rb7 Rb5 43. Kg4 Kg7 44. Kf4 Kf6 45. g4 Rb4+ 46. e4 e5+ 47. Kg3 Rb3 48. Kf2 Rb2+ 49. Be2 Rb4 50. Ke3 Rb3+ 51. Bd3 Kg6 {[#]} 52. g5 $1 b5 $2 (52... Rc3 53. Kd2 Rc8) (52... Kxg5 53. Rxf7) 53. Rxb5 Rxb5 54. Bxb5 {White mates.} Kxg5 {KB-KPP} 55. Bd7 Kf6 56. Bf5 Kg5 57. Kd3 Kf4 58. Kc4 f6 59. Kd5 Kg5 60. Ke6 Kf4 61. Kxf6 Ke3 62. Kxe5 {Accuracy: White = 82%, Black = 48%.} 1-0